[Event "Moscow RGGU op"]
[Site "Moscow"]
[Date "2019.03.23"]
[Round "2"]
[White "Babashov, Dgeykhun"]
[Black "Karmanova, Marina"]
[Result "0-1"]
[WhiteElo "1823"]
[BlackElo "2049"]
[PlyCount "84"]
[EventDate "2019.03.16"]
[EventType "swiss"]
[EventRounds "7"]
[EventCountry "RUS"]
[SourceTitle "CBM 190 Extra"]
[Source "ChessBase"]
[SourceDate "2019.07.15"]
[SourceVersion "1"]
[SourceVersionDate "2019.07.15"]
[SourceQuality "1"]

1. d4 c5 2. d5 e5 3. e4 d6 4. Bb5+ Nd7 5. Ne2 Ngf6 6. Qd3 a6 7. Bxd7+ Bxd7 8. c4 b5 9. b3 Be7 10. Nd2 0-0 11. Ng3 g6 12. 0-0 Ne8 13. Bb2 Ng7 14. f4 exf4 15. Rxf4 Bg5 16. Qc3 f6 17. Rf2 b4 18. Qd3 Qe7 19. Raf1 Rae8 20. Nf3 Bf4 21. Ne2 Qxe4 22. Nxf4 Qxf4 23. Ne5 Qxf2+ 24. Rxf2 fxe5 25. Rxf8+ Rxf8 26. Qg3 Nf5 27. Qg5 Kg7 28. Qd2 h6 29. Bc1 g5 30. a3 a5 31. axb4 axb4 32. Qa2 Kf6 33. Qa6 Ke7 34. Bb2 Ne3 35. Qa1 Rf1+ 36. Qxf1 Nxf1 37. Kxf1 Bf5 38. Ke2 Bc2 39. h4 Bxb3 40. Kd3 Kf6 41. Bc1 Kf5 42. hxg5 hxg5 0-1

[Event "Nizhnij Novgorod Juniors"]
[Site "Nizhnij Novgorod"]
[Date "2011.08.22"]
[Round "?"]
[White "Mazhukin, Evgeny"]
[Black "Karmanova, Marina"]
[Result "0-1"]
[WhiteElo "1790"]
[BlackElo "1949"]
[PlyCount "70"]
[EventDate "2011.08.22"]
[EventType "swiss"]
[EventRounds "9"]
[EventCountry "RUS"]
[SourceTitle "EXT 2022"]
[Source "ChessBase"]
[SourceDate "2021.10.06"]
[SourceVersion "1"]
[SourceVersionDate "2021.10.06"]
[SourceQuality "1"]

1. d4 d6 2. c4 e5 3. d5 f5 4. e4 Nf6 5. Nc3 Nxe4 6. Nxe4 fxe4 7. Qh5+ g6 8. Qe2 Bg7 9. Be3 Nd7 10. g3 a5 11. Bh3 b6 12. 0-0-0 Nc5 13. Bxc5 bxc5 14. Qxe4 0-0 15. f3 Bh6+ 16. Kb1 Bf5 17. Bxf5 gxf5 18. Qc2 Rb8 19. Ne2 Rb4 20. a3 Rb7 21. Nc3 Qd7 22. a4 Rb4 23. Nb5 Bg7 24. b3 e4 25. Ka2 exf3 26. Rhf1 Re8 27. Rxf3 Re4 28. Rf4 Re3 29. Rd3 Re1 30. Nc3 Rb8 31. Rdf3 Rbe8 32. Rf1 R1e3 33. R4f3 Bxc3 34. Rxf5 Re2 35. Rf8+ Kg7 0-1

[Event "Nizhnij Novgorod Cup of Nadezhda"]
[Site "Nizhnij Novgorod"]
[Date "2011.08.08"]
[Round "?"]
[White "Karmanova, Marina"]
[Black "Popov, Nikita A"]
[Result "1-0"]
[WhiteElo "1949"]
[BlackElo "1796"]
[PlyCount "111"]
[EventDate "2011.08.08"]
[EventType "swiss"]
[EventRounds "8"]
[EventCountry "RUS"]
[SourceTitle "EXT 2022"]
[Source "ChessBase"]
[SourceDate "2021.10.06"]
[SourceVersion "1"]
[SourceVersionDate "2021.10.06"]
[SourceQuality "1"]

1. b4 d5 2. Bb2 Nf6 3. Nf3 e6 4. b5 c5 5. e3 Bd6 6. c4 0-0 7. Nc3 Nbd7 8. Be2 Re8 9. 0-0 dxc4 10. Bxc4 Nb6 11. Bb3 e5 12. Ng5 c4 13. Bc2 h6 14. Nge4 Bb4 15. Nxf6+ Qxf6 16. Ne4 Qh4 17. a3 Bf8 18. Ng3 Nd5 19. Qf3 Nf6 20. Nf5 Qg4 21. Nxh6+ gxh6 22. Qxf6 Bg7 23. Qf3 Rd8 24. Bc3 Bd7 25. a4 Qxf3 26. gxf3 Kh8 27. Kh1 a6 28. bxa6 Rxa6 29. a5 f5 30. Rg1 Bc6 31. e4 Rf8 32. Rg2 Raa8 33. Rag1 Rf7 34. Rg6 f4 35. Bb1 Re7 36. Ba2 Rc8 37. Rb1 Be8 38. Rgb6 Rcc7 39. Bb4 Red7 40. Bd6 Rc8 41. Rc1 Bf7 42. Rc2 Kh7 43. Kg2 h5 44. Kf1 c3 45. Bxf7 cxd2 46. Rxd2 Rc1+ 47. Ke2 Rxf7 48. Rb5 Rh1 49. Bxe5 Rxh2 50. Rdd5 h4 51. Bxg7 Kxg7 52. Rh5 h3 53. Rbg5+ Kf8 54. Rh8+ Ke7 55. Rgh5 Rh1 56. Rxh3 1-0

[Event "PriFR-ch (Women) 10th"]
[Site "Perm"]
[Date "2011.01.04"]
[Round "1"]
[White "Karmanova, Marina"]
[Black "Fedotova, Ekaterina"]
[Result "1/2-1/2"]
[WhiteElo "1935"]
[BlackElo "1641"]
[PlyCount "74"]
[EventDate "2011.01.04"]
[EventType "swiss"]
[EventRounds "9"]
[EventCountry "RUS"]
[SourceTitle "EXT 2022"]
[Source "ChessBase"]
[SourceDate "2021.10.06"]
[SourceVersion "1"]
[SourceVersionDate "2021.10.06"]
[SourceQuality "1"]

1. c4 e5 2. Nc3 Nf6 3. Nf3 Nc6 4. g3 Bc5 5. Bg2 0-0 6. 0-0 d6 7. d3 Nd4 8. Rb1 Nxf3+ 9. Bxf3 c6 10. Bg5 Bf5 11. Ne4 Bxe4 12. Bxe4 h6 13. Bxf6 Qxf6 14. b4 Bb6 15. b5 Rac8 16. Qa4 cxb5 17. Rxb5 Rc7 18. Qb3 Rb8 19. a4 Bc5 20. Bxb7 Qd8 21. Bd5 Rxb5 22. cxb5 Bb6 23. Kg2 Qe7 24. Bc6 g6 25. e3 Kg7 26. Qb4 Qe6 27. d4 exd4 28. exd4 Qf6 29. d5 Re7 30. a5 Bc5 31. Qd2 Re4 32. Qd3 Ra4 33. a6 Ra2 34. Qf3 Qd4 35. Be8 f6 36. Bc6 g5 37. Qf5 Re2 1/2-1/2

[Event "Kstovo op"]
[Site "Kstovo"]
[Date "2010.09.10"]
[Round "7"]
[White "Karmanova, Marina"]
[Black "Podshibikhin, Yuri"]
[Result "1-0"]
[WhiteElo "1918"]
[BlackElo "2061"]
[PlyCount "55"]
[EventDate "2010.09.04"]
[EventType "swiss"]
[EventRounds "9"]
[EventCountry "RUS"]
[SourceTitle "EXT 2014"]
[Source "ChessBase"]
[SourceDate "2013.11.20"]
[SourceVersion "1"]
[SourceVersionDate "2013.11.20"]
[SourceQuality "1"]

1. c4 g6 2. Nc3 Bg7 3. g3 Nc6 4. Bg2 e6 5. Rb1 Nge7 6. e4 Nd4 7. Nge2 c5 8. d3 Nec6 9. Nxd4 Nxd4 10. Ne2 Nc6 11. Be3 b6 12. a3 Bb7 13. b4 cxb4 14. axb4 Rb8 15. b5 Na5 16. Bf4 d6 17. Qa4 Rc8 18. Bd2 d5 19. Bxa5 bxa5 20. exd5 exd5 21. Nf4 0-0 22. 0-0 Re8 23. Bxd5 g5 24. Bxb7 gxf4 25. Bxc8 Qxc8 26. Rfe1 Rd8 27. Re4 fxg3 28. hxg3 1-0

[Event "Nizhnij Novgorod Hope Cup"]
[Site "Nizhnij Novgorod"]
[Date "2010.08.16"]
[Round "7"]
[White "Markelova, Lubov"]
[Black "Karmanova, Marina"]
[Result "0-1"]
[WhiteElo "2030"]
[BlackElo "1839"]
[PlyCount "117"]
[EventDate "2010.08.10"]
[EventType "swiss"]
[EventRounds "7"]
[EventCountry "RUS"]
[SourceTitle "CBM 138 Extra"]
[Source "ChessBase"]
[SourceDate "2010.10.29"]
[SourceVersion "1"]
[SourceVersionDate "2010.10.29"]
[SourceQuality "1"]

1. Nf3 g6 2. c4 Bg7 3. Nc3 d6 4. d4 Nc6 5. Bf4 Bg4 6. d5 Bxf3 7. gxf3 Nb8 8. e4 e5 9. dxe6 fxe6 10. e5 dxe5 11. Qxd8+ Kxd8 12. Bg5+ Bf6 13. Ne4 Ke7 14. Nxf6 Nxf6 15. 0-0-0 h6 16. Be3 Nc6 17. Rg1 Kf7 18. Bd3 Ne7 19. Be4 Nxe4 20. fxe4 Rad8 21. f4 Nc6 22. fxe5 b6 23. Rdf1+ Kg7 24. Bd2 Rhf8 25. Bc3 Rxf1+ 26. Rxf1 Nd4 27. Rf6 Ne2+ 28. Kc2 Nxc3 29. Kxc3 Re8 30. b4 h5 31. h4 c6 32. a4 a6 33. Kb3 Re7 34. Kc3 Re8 35. a5 bxa5 36. bxa5 c5 37. Rf2 Rf8 38. Rd2 Rf3+ 39. Kc2 Re3 40. Rd7+ Kf8 41. Rd6 Rxe4 42. Kd3 Rxh4 43. Rxe6 Rd4+ 44. Kc3 Re4 45. Rxg6 Rxe5 46. Kd3 h4 47. Rxa6 Rh5 48. Rf6+ Ke7 49. Rf2 h3 50. Rh2 Kd6 51. Ke4 Rh4+ 52. Kd3 Kc6 53. a6 Kb6 54. a7 Kxa7 55. Ke2 Kb6 56. Kf2 Ka5 57. Kg3 Rxc4 58. Kxh3 Kb4 59. Kg3 0-1

[Event "Nizhnij Novgorod-ch"]
[Site "Nizhnij Novgorod"]
[Date "2010.03.??"]
[Round "?"]
[White "Karmanova, Marina"]
[Black "Vlasova, Ekaterina"]
[Result "1-0"]
[WhiteElo "1872"]
[BlackElo "1946"]
[PlyCount "63"]
[EventDate "2010.03.13"]
[EventType "swiss"]
[EventRounds "9"]
[EventCountry "RUS"]
[SourceTitle "EXT 2022"]
[Source "ChessBase"]
[SourceDate "2021.10.06"]
[SourceVersion "1"]
[SourceVersionDate "2021.10.06"]
[SourceQuality "1"]

1. e4 e6 2. d4 d5 3. Nc3 Nf6 4. Bg5 Be7 5. e5 Nfd7 6. Bxe7 Qxe7 7. Nf3 a6 8. Be2 c5 9. 0-0 Nc6 10. dxc5 Qxc5 11. Re1 0-0 12. Bd3 g6 13. Qd2 b5 14. Qh6 Re8 15. Ng5 Nf8 16. Nd1 Qd4 17. Nf3 Qa7 18. Ne3 f5 19. exf6 Qf7 20. Ng4 Nd8 21. Ng5 Qc7 22. Ne5 Ra7 23. Ngf7 Qxf7 24. Nxf7 Rxf7 25. Qf4 Nc6 26. a4 e5 27. Qd2 Nd4 28. axb5 axb5 29. f4 e4 30. Bxe4 Nb3 31. cxb3 dxe4 32. Ra8 1-0

[Event "Nizhnij Novgorod-ch"]
[Site "Nizhnij Novgorod"]
[Date "2010.03.??"]
[Round "?"]
[White "Mylnikova, Olga"]
[Black "Karmanova, Marina"]
[Result "0-1"]
[WhiteElo "1718"]
[BlackElo "1872"]
[PlyCount "94"]
[EventDate "2010.03.13"]
[EventType "swiss"]
[EventRounds "9"]
[EventCountry "RUS"]
[SourceTitle "EXT 2022"]
[Source "ChessBase"]
[SourceDate "2021.10.06"]
[SourceVersion "1"]
[SourceVersionDate "2021.10.06"]
[SourceQuality "1"]

1. e4 g6 2. d4 Bg7 3. Nc3 c6 4. Bc4 e6 5. d5 d6 6. Bf4 e5 7. Be3 c5 8. f4 Nd7 9. Nf3 a6 10. a4 Ne7 11. a5 0-0 12. 0-0 b5 13. axb6 Nxb6 14. Be2 Nd7 15. Kh1 f6 16. Bd2 h6 17. Nb5 Nb6 18. Nc3 exf4 19. Bxf4 g5 20. Bd2 Ng6 21. Na4 Nxa4 22. Rxa4 Bd7 23. Rxa6 Rxa6 24. Bxa6 Qb6 25. Bd3 Qxb2 26. Qb1 Rb8 27. Qxb2 Rxb2 28. c4 g4 29. Bc1 Rb3 30. Ne1 Ne5 31. Be2 Nxc4 32. Bxc4 Rc3 33. Bf4 Rxc4 34. Bxd6 Rxe4 35. Bxc5 Bb5 36. Rg1 Re5 37. Bf2 Rxd5 38. h3 Rh5 39. Kh2 f5 40. h4 Be5+ 41. g3 Rxh4+ 42. Kg2 Bc6+ 43. Kf1 Bb5+ 44. Kg2 Rh3 45. Nc2 f4 46. gxf4 Bxf4 47. Nd4 Rh2# 0-1